[Event "Invitation"]
[Site "http://www.queenalice.com/game.php?id=584932"]
[Date "2009.5.8"]
[Round "-"]
[White "Sherlock"]
[Black "Fleming"]
[Result "1-0"]
[WhiteElo "1500"]
[BlackElo "1100"]

1. e4 d5 2. Nc3 e6 3. Bb5+ Bd7 4. Qe2 Nc6 5. d3 Bb4 6. Bd2 Qf6 7. Nf3 Bc5 8.
Bxc6 Bxc6 9. exd5 Bd7 10. O-O O-O-O 11. d4 Bd6 12. Qc4 Nh6 13. Nb5 Bxb5 14. Qxb5
b6 15. a4 Ng4 16. a5 Rd7 17. axb6 cxb6 18. Qc6+ Kd8 19. Qa8+ Ke7 20. Qxh8 Qh6
21. Bxh6 gxh6 22. Qa8 a5 23. Rae1 Kf6 24. dxe6 fxe6 25. Qe8 Re7 26. Qd8 h5 27.
Qxd6 Kf5 28. Qxe7 Nf6 29. Rxe6 Ng8 30. Qf7+ Nf6 31. Qxf6+ Kg4 32. Qg5# 1-0

[Event "Invitation"]
[Site "http://www.queenalice.com/game.php?id=598659"]
[Date "2009.6.4"]
[Round "-"]
[White "Fleming"]
[Black "Sherlock"]
[Result "0-1"]
[WhiteElo "1052"]
[BlackElo "1500"]

1. d4 Nc6 2. e3 e5 3. Nf3 d6 4. Bd3 Nf6 5. Ng5 h6 6. d5 Nxd5 7. Bc4 Be6 8. e4
Nf4 9. g3 Qxg5 10. gxf4 Qg2 11. Kd2 Bxc4 12. Rg1 Qxf2+ 13. Kc3 Qc5 14. b3 Be2+
15. Kb2 Bxd1 16. Rxd1 O-O-O 17. Nc3 Qb4 18. Bd2 d5 19. Nxd5 Qa3+ 20. Kc3 Bb4+
21. Kd3 Qa6+ 22. Ke3 Qa5 23. c3 Bd6 24. b4 exf4+ 25. Kf3 Qb5 26. Bxf4 Bxf4 27.
Kxf4 g5+ 28. Ke3 Rhe8 29. Rf1 Qc4 30. Nf6 Qxc3+ 31. Kf2 Rd2+ 32. Kg1 Qe3+ 33.
Kh1 Qh3 34. Rf2 Rxf2 35. Rg1 Qxh2# 0-1

[Event "Invitation"]
[Site "http://www.queenalice.com/game.php?id=610728"]
[Date "2009.6.29"]
[Round "-"]
[White "Sherlock"]
[Black "Fleming"]
[Result "0-1"]
[WhiteElo "1500"]
[BlackElo "1052"]

1. e4 d5 2. Nc3 Nf6 3. d4 Nc6 4. Bf4 dxe4 5. Nb5 e5 6. Bxe5 Bd6 7. Qd2 O-O 8.
Qg5 Bxe5 9. dxe5 e3 10. Nh3 Qd2# 0-1

[Event "Invitation"]
[Site "http://www.queenalice.com/game.php?id=614528"]
[Date "2009.7.7"]
[Round "-"]
[White "Sherlock"]
[Black "Fleming"]
[Result "1-0"]
[WhiteElo "1500"]
[BlackElo "1052"]

1. e4 e5 2. Nf3 Nc6 3. Bb5 Nf6 4. d3 Bb4+ 5. Nc3 d5 6. O-O Bg4 7. Bg5 dxe4 8.
Nxe4 Bf5 9. Nxe5 Qd4 10. Nxc6 bxc6 11. Bxc6+ Bd7 12. Bxa8 Bg4 13. c3 Qe5 14.
Nxf6+ gxf6 15. Qxg4 Bd6 16. Rae1 f5 17. Qxf5 Qxe1 18. Rxe1+ Kf8 19. Bh6+ Kg8 20.
Qg5# 1-0

[Event "Invitation"]
[Site "http://www.queenalice.com/game.php?id=619755"]
[Date "2009.7.16"]
[Round "-"]
[White "Sherlock"]
[Black "Fleming"]
[Result "1-0"]
[WhiteElo "1500"]
[BlackElo "1052"]

1. e4 d5 2. Nc3 Nf6 3. d3 Nc6 4. Nf3 e6 5. Bf4 Bc5 6. Nb5 O-O 7. Ne5 Bb4+ 8. c3
Bc5 9. Be2 dxe4 10. dxe4 Nxe4 11. O-O Qh4 12. Bg3 Qg5 13. Nf3 Qh5 14. Qd3 Nf6
15. Nxc7 Rd8 16. Nd4 Ng4 17. h3 e5 18. Bxg4 e4 19. Qxe4 Qg6 20. Rae1 Be6 21.
Nxa8 h5 22. Bxe6 fxe6 23. Qxg6 Ne7 24. Qxe6+ Kh7 25. Re5 Rd5 26. Rxd5 Nxd5 27.
Qxd5 Be7 28. Nf5 h4 29. Be5 Bf8 30. Qf7 a5 31. Qxf8 Kg6 32. Qf6+ gxf6 33. Ne7+
Kf7 34. Bd6 Ke6 35. Rd1 Kd7 36. Nb6+ Ke6 37. b4 a4 38. Bc5 f5 39. f4 a3 40. Rd7
Kf6 41. Ng8+ Kg6 42. Nd5 b6 43. Bf8 Kh5 44. Rg7 b5 45. Ndf6# 1-0

[Event "Invitation"]
[Site "http://www.queenalice.com/game.php?id=631793"]
[Date "2009.8.6"]
[Round "-"]
[White "Fleming"]
[Black "Sherlock"]
[Result "0-1"]
[WhiteElo "1052"]
[BlackElo "1500"]

1. e4 e5 2. Nc3 Bb4 3. Nf3 Nc6 4. Bc4 d6 5. d3 Nf6 6. Ng5 O-O 7. Be3 Ng4 8. Qf3
Nf6 9. Qg3 Be6 10. Qh4 Nd4 11. O-O h6 12. Bxe6 hxg5 13. Bxf7+ Rxf7 14. Qh3 g4
15. Qh4 g3 16. Qxg3 Bxc3 17. Qh3 Ba5 18. Bg5 d5 19. c3 Ne2+ 20. Kh1 Nf4 21. Qf5
Qd6 22. Rae1 Nxd3 23. Re3 dxe4 24. Rh3 Bb6 25. Bxf6 Rxf6 26. Qh7+ Kf7 27. f3
Nf2+ 28. Rxf2 Qd1+ 29. Rf1 Qxf1# 0-1

[Event "Invitation"]
[Site "http://www.queenalice.com/game.php?id=639748"]
[Date "2009.8.20"]
[Round "-"]
[White "Fleming"]
[Black "Sherlock"]
[Result "0-1"]
[WhiteElo "1052"]
[BlackElo "1500"]

1. d4 Nc6 2. Nc3 e5 3. Nf3 d6 4. Bg5 Be7 5. h4 Bf5 6. e4 Bg4 7. Bc4 Nxd4 8. Nd5
Nf6 9. c3 Nc6 10. Qb3 b6 11. Ne3 Na5 12. Qb5+ Bd7 13. Qa6 Nxe4 14. Rd1 f6 15.
Bd5 Nc5 16. Qe2 Bc6 17. Nf5 fxg5 18. Nxg7+ Kd7 19. b4 Qf8 20. Nh5 Bxd5 21. Rxd5
Qf7 22. Qd2 Ne4 23. Nxe5+ Ke8 24. Nxf7 Nxd2 25. Nxh8 Nac4 26. hxg5 Kd7 27. Nf7
Kc6 28. Nf4 Re8 29. Rxh7 Bxg5+ 30. Ne2 Kxd5 31. Nxg5 Kc6 32. Kd1 Re5 33. Nd4+
Kd5 34. Ngf3 Nxf3 35. Nxf3 Nb2+ 36. Kc2 Re2+ 37. Kb3 Rxf2 38. Rh5+ Kc6 39. Nd4+
Kb7 40. b5 Nd3 41. Rh8 Ne5 42. g4 d5 43. g5 Nf7 44. Rf8 Rg2 45. Rxf7 Rxg5 46.
Rf8 a6 47. a4 axb5 48. axb5 Rg1 49. Nc6 Rb1+ 50. Kc2 Rxb5 51. Rb8+ Kxc6 52. Rh8
Rc5 53. Rh6+ Kb5 54. Rh4 Rc4 55. Rh5 Kc6 56. Kd3 Kc5 57. Kc2 b5 58. Rh7 c6 59.
Rb7 d4 60. Re7 dxc3 61. Re5+ Kb4 62. Re1 Rd4 63. Re6 Rd2+ 64. Kc1 Kb3 65. Rxc6
Rg2 66. Rc5 Rg1# 0-1

[Event "Invitation"]
[Site "http://www.queenalice.com/game.php?id=659404"]
[Date "2009.9.28"]
[Round "-"]
[White "Fleming"]
[Black "Sherlock"]
[Result "0-1"]
[WhiteElo "1052"]
[BlackElo "1500"]

1. d4 Nc6 2. d5 Ne5 3. Qd4 d6 4. Qh4 e6 5. Bg5 Be7 6. e4 Bxg5 7. Qh5 Bh6 8. Nh3
Nf6 9. Qh4 exd5 10. exd5 Nxd5 11. Qd4 Be6 12. Bb5+ c6 13. Ba4 Qf6 14. Na3 Nf3+
15. gxf3 Qxd4 16. Bb3 Bxh3 17. Rd1 Qe5# 0-1

[Event "Invitation"]
[Site "http://www.queenalice.com/game.php?id=664715"]
[Date "2009.10.8"]
[Round "-"]
[White "Sherlock"]
[Black "Fleming"]
[Result "1/2-1/2"]
[WhiteElo "1500"]
[BlackElo "1052"]

1. e4 d5 2. Nc3 e6 3. Nf3 Bc5 4. d3 Nf6 5. d4 Bb6 6. Bf4 dxe4 7. Bb5+ c6 8. Be2
exf3 9. Bxf3 Qxd4 10. Qd2 Bd7 11. Rd1 O-O 12. Qxd4 Bxd4 13. Rxd4 Re8 14. Be5 a5
15. O-O Ra7 16. Ne4 b6 17. Bxf6 gxf6 18. Nxf6+ Kf8 19. Nxe8 Kxe8 20. Rh4 c5 21.
Rxh7 Bc6 22. Rh8+ Kd7 23. Rxb8 Rc7 24. Rxb6 Bd5 25. Rd1 Ke7 26. h4 Rc8 27. Bh5
Rg8 28. Rb7+ Bxb7 29. Bf3 Bxf3 30. Rd3 Rxg2+ 31. Kf1 Be4 32. Rh3 Rg4 33. f3 Rf4
34. Kg2 Bxc2 35. h5 Bd1 36. h6 Bc2 37. Rh2 e5 38. Kg3 Bd3 39. h7 Bxh7 40. Rxh7
a4 41. Rh8 c4 42. Ra8 c3 43. bxc3 f5 44. Rb8 Rc4 45. Rb7+ Kf6 46. Rb6+ Ke7 47.
Rb4 Rxc3 48. Rxa4 e4 49. Kf2 exf3 50. Rf4 Ke6 51. a4 Ke5 52. Rxf3 Rc4 53. Ra3 f4
54. Ra1 Rc8 55. a5 Kd6 56. a6 Kc7 57. Rb1 Ra8 58. Ra1 Kb8 59. Kf3 Ra7 60. Kxf4
Kc7 61. Ke5 Kb6 62. Kd5 Rxa6 63. Rxa6+ Kxa6 64. Kc5 1/2-1/2

[Event "Invitation"]
[Site "http://www.queenalice.com/game.php?id=676658"]
[Date "2009.11.2"]
[Round "-"]
[White "Fleming"]
[Black "Sherlock"]
[Result "0-1"]
[WhiteElo "1052"]
[BlackElo "1500"]

1. d4 Nc6 2. Nf3 d5 3. e3 e6 4. Bb5 Nf6 5. Nc3 Bb4 6. O-O O-O 7. Ne5 Qd6 8. Qf3
Bd7 9. Qg3 a6 10. Bd3 Ne4 11. Qh3 Nxe5 12. Ne2 Nxd3 13. cxd3 Nf6 14. e4 e5 15.
Qg3 Rae8 16. Bh6 Nh5 17. Qg5 Qxh6 18. Qc1 Nf4 19. Ng3 dxe4 20. Qxc7 Bc6 21. dxe5
exd3 22. Nf5 Qg5 23. Ng3 Bxg2 24. Rfc1 Bf3 25. Rc4 Be7 26. Rd4 Ne2+ 27. Kf1 Nxd4
28. Qc4 Be2+ 29. Ke1 d2# 0-1

[Event "Invitation"]
[Site "http://www.queenalice.com/game.php?id=685890"]
[Date "2009.11.20"]
[Round "-"]
[White "Fleming"]
[Black "Sherlock"]
[Result "0-1"]
[WhiteElo "1040"]
[BlackElo "1500"]

1. d4 d5 2. Nf3 Nc6 3. e3 Bf5 4. Bd3 e6 5. Na3 Nb4 6. Ne5 f6 7. Qh5+ g6 8. Nxg6
Bxg6 9. Bxg6+ Kd7 10. Bxh7 Nh6 11. Bg6 Be7 12. e4 Nf5 13. Qg4 Rh4 14. Qe2 Rxe4
15. Be3 Qg8 16. Qb5+ Kc8 17. Be8 Qxg2 18. O-O-O c6 19. Qa5 Qg8 20. Bh5 Qd8 21.
Qa4 c5 22. Bf3 Rh4 23. dxc5 Nxa2+ 24. Kb1 Rxa4 25. Kxa2 Nxe3 26. fxe3 Bxc5 27.
e4 Qf8 28. Rd3 Kc7 29. Kb1 Bxa3 30. Rb3 Bb4 31. h4 dxe4 32. Bxe4 Bc5 33. Rxb7+
Kd6 34. Rd1+ Ke5 35. Bf3 Rb8 36. h5 Rxb7 37. Bxb7 Qb8 38. Re1+ Kd6 39. Bf3 Ke7
40. h6 Bd4 41. c3 Bxc3 42. Re2 Rh4 43. Bg4 Rxg4 44. Rh2 Qxh2 45. h7 Qxb2# 0-1

[Event "Invitation"]
[Site "http://www.queenalice.com/game.php?id=698413"]
[Date "2009.12.15"]
[Round "-"]
[White "Sherlock"]
[Black "Fleming"]
[Result "1-0"]
[WhiteElo "1500"]
[BlackElo "1040"]

1. e4 d5 2. Nc3 Nf6 3. d3 e5 4. Nf3 Bc5 5. Nxe5 Qd6 6. Nf3 Ng4 7. d4 Bb6 8. Be2
O-O 9. e5 Qb4 10. a3 Qe7 11. Nxd5 Qe6 12. Nc3 Nc6 13. O-O Nxd4 14. Nxd4 Qxe5 15.
Nf3 Qc5 16. Ne4 Qc6 17. Qd3 Bf5 18. Nfg5 Rfe8 19. Bxg4 Rad8 20. Qh3 Bxe4 21.
Nxe4 Rxe4 22. Bf3 Qf6 23. Be3 Rxe3 24. fxe3 Bxe3+ 25. Kh1 Qxb2 26. Rad1 Qb5 27.
Rxd8+ Qe8 28. Rxe8# 1-0

[Event "Invitation"]
[Site "http://www.queenalice.com/game.php?id=724886"]
[Date "2010.2.2"]
[Round "-"]
[White "Fleming"]
[Black "Sherlock"]
[Result "0-1"]
[WhiteElo "1032"]
[BlackElo "1500"]

1. d4 d5 2. e3 Nf6 3. Nf3 Bg4 4. Be2 Nc6 5. Na3 e6 6. Bd2 Bb4 7. c3 Ba5 8. Qb3
Bb6 9. c4 Ne4 10. c5 Nxd2 11. Nxd2 Bxe2 12. Kxe2 Ba5 13. Qxb7 Nb4 14. Nb3 Rb8
15. Qxa7 Ra8 16. Qb7 O-O 17. Nxa5 Rb8 18. Qa7 c6 19. Nb7 Qd7 20. Qa4 Rxb7 21.
Kd2 e5 22. Qb3 Qf5 23. Rhf1 Rfb8 24. Qc3 e4 25. b3 Nd3 26. f4 Qg4 27. g3 Qh3 28.
Qc2 Ra7 29. Nc4 Nb4 30. Qd1 dxc4 31. a4 cxb3 32. Qxb3 Qg2+ 33. Kc3 Nd5+ 34. Kc4
Rxb3 35. Kxb3 Rb7+ 36. Ka3 Qb2# 0-1

[Event "Invitation"]
[Site "http://www.queenalice.com/game.php?id=751612"]
[Date "2010.3.25"]
[Round "-"]
[White "Fleming"]
[Black "Sherlock"]
[Result "0-1"]
[WhiteElo "1090"]
[BlackElo "1500"]

1. d4 d5 2. Nf3 Bg4 3. Nc3 e6 4. e4 Nc6 5. Be2 dxe4 6. Nxe4 Nf6 7. Neg5 Be7 8.
c3 O-O 9. Qc2 h6 10. Ne4 Qd5 11. Bd3 Bf5 12. Bf4 Nxe4 13. O-O Ng5 14. Bxf5 Qxf5
15. Qxf5 exf5 16. Nh4 Ne6 17. g3 Nxf4 18. Nxf5 Nh3+ 19. Kg2 Ng5 20. h4 Ne4 21.
Rae1 Nd2 22. Rh1 Bf6 23. Re2 Nc4 24. d5 g6 25. Nxh6+ Kg7 26. Ng4 N6e5 27. Re4
Rae8 28. h5 Nxg4 29. Rxg4 Nxb2 30. c4 Re2 31. h6+ Kh7 32. Rf4 Be5 33. Rg4 Nd3
34. Rb1 Nxf2 35. Rg5 Ne4+ 36. Kf3 Nc3 37. Rh1 Bd4 38. Rh4 Rf2+ 39. Kg4 Re8 40.
Rhh5 Re1 41. Rf5 gxf5+ 42. Kg5 Re4 43. g4 Rxg4# 0-1

[Event "Invitation"]
[Site "http://www.queenalice.com/game.php?id=796840"]
[Date "2010.6.30"]
[Round "-"]
[White "Sherlock"]
[Black "Fleming"]
[Result "1-0"]
[WhiteElo "1500"]
[BlackElo "1090"]

1. e4 d5 2. Nc3 d4 3. Nd5 Nf6 4. Nxf6+ gxf6 5. d3 e5 6. Bd2 Nc6 7. Qh5 Nb4 8.
Qd1 Be6 9. Nf3 Qd7 10. c3 dxc3 11. bxc3 Nxd3+ 12. Bxd3 Qxd3 13. Qe2 Qd7 14. O-O
O-O-O 15. a4 Rg8 16. Kh1 Bh3 17. gxh3 Qxh3 18. Rg1 Bc5 19. Rxg8 Rxg8 20. Rg1 Rd8
21. Be3 Rd3 22. Qxd3 Qxf3+ 23. Rg2 Be7 24. Kg1 f5 25. Rg8+ Bd8 26. Qxd8# 1-0